000 00550nam a2200229Ia 4500
003 OSt
005 20220928130751.0
006 a|||||r|||| 00| 0
007 ta
008 220927b |||||||| |||| 00| 0 eng d
024 _a64430
037 _cTextual
040 _aSDCL
_cSDCL
_beng
041 _2eng
_aeng
082 _aV2'N6, K8.1
100 _aRapson
_9476023
245 0 _aCambridge history of India
260 _c1968
300 _axxii,684p.
_ccm.
942 _hV2'N6, K8.1
_cTEXL
_2CC
999 _c788483
_d788483